| 000 | 00906nam a2200205 a 4500 | ||
|---|---|---|---|
| 008 | 120416s1980 ||||||||||||||||| || u | ||
| 020 | _a0070235708 | ||
| 050 | _aHA 29 Goh | ||
| 100 | _aGohagan, John Kenneth | ||
| 245 | 1 | 0 | _aQuantitative analysis for public policy |
| 260 |
_aNew York: _bMcGraw-Hill _c1980 |
||
| 300 | _axv, 462p.: ill. | ||
| 350 | _a0.00 | ||
| 490 | _aMcGraw-Hill series in quantitative methods for management | ||
| 500 | _aIncludes bibliographies and index. | ||
| 650 | _aPOLICY SCIENCES--STATISTICAL METHODS | ||
| 650 | _aPUBLIC ADMINISTRATION--STATISTICAL METHODS | ||
| 995 |
_aMAIN LIBRARY OPEN ACCESS _D0.00 _e000179 _FCBU-MAIN LIBRARY (Kitwe) _H2 _I25.00 _jHA 29 Goh _UAVAILABLE _y000179 _ZMain Library Open Access Collection |
||
| 995 |
_aMAIN LIBRARY OPEN ACCESS _D0.00 _e000180 _FCBU-MAIN LIBRARY (Kitwe) _H1 _I25.00 _jHA 29 Goh _UAVAILABLE _y000180 _ZMain Library Open Access Collection |
||
| 999 |
_c79905 _d79905 |
||